| 000 | 00981nam0a22002771 4500 | ||
|---|---|---|---|
| 001 | rc\3483207 | ||
| 005 | 20250610011226.0 | ||
| 021 |
_aRU _b69-66402 |
||
| 021 |
_aRU _bРг9145-69 |
||
| 035 | _a(NLR Aleph) 007603030 | ||
| 090 |
_a5735129 _c5735129 |
||
| 100 | _a20130115d1969 |||y0rusy50 ca | ||
| 101 | 0 | _arus | |
| 102 | _aRU | ||
| 105 | _ay z ||||| | ||
| 200 | 1 |
_aОрганизация и механизация работ на базах и перспективы развития складского хозяйства в системе Госснаба СССР _eДоклад т. Николайчика Н.Н. _fЦНИИТЭИМС |
|
| 210 |
_a[Москва] _cБ. и. _d1969 |
||
| 215 |
_a13 с. _d30 |
||
| 309 | _aБез тит. л. и обл. | ||
| 309 | _aОтпеч. множит. аппаратом | ||
| 700 | 1 |
_aНиколайчик _bН.Н. |
|
| 801 | 0 |
_aRU _bNLR _gpsbo |
|
| 801 | 1 |
_aRU _bELAR _2rusmarc |
|
| 852 |
_aNLR _j69-9/219 |
||
| 942 | _cBOOK | ||
| 980 | _aNB | ||